España vs. Inglaterra - Estadísticas

Estadísticas generales
  • Esta prueba ha sido intentada 5.313 veces
  • La puntuación promedio es 11 de 15
Estadísticas de respuestas
Pregunta Respuesta % Correcto
Es la cuna de la Revolución Industrial. Inglaterra
95%
Tiene un desierto. España
92%
Tiene una frontera terrestre con Francia. España
92%
Es el lugar del primer partido del fútbol. Inglaterra
92%
Tiene su idioma oficial como el más hablado en el mundo. Inglaterra
86%
Tiene el mayor PIB per cápita. Inglaterra
86%
Se conduce por el lado izquierdo de la carretera. Inglaterra
85%
Ha ganado más Eurocopas. España
84%
Tiene la superficie más extensa. España
82%
Tiene un rey. Ambos
76%
Tiene la mayor población. Inglaterra
70%
Tiene ciudades actuales que se fundó en el siglo v a. C. España
59%
Tiene osos salvajes. España
55%
Tiene más musulmanes. Inglaterra
37%
Tiene asistencia sanitaria gratuita. Ambos
36%
No se encontraron pruebas coincidentes
Distribución de puntuación
Porcentaje de gente con cada puntuación
Porcentaje por número respondido
Historial de tus puntuaciones
No has intentado esta prueba.